000 00626cam a22002173a 4500
001 19152
003 PGUSA
005 20140828083415.0
008 060831s2006||||xxu|||||s|||||000 | eng d
040 _aPGUSA
_beng
042 _adc
050 4 _aPQ
100 1 _aDondel Du Faouëdic, Noémie
245 1 0 _aLe journal d'une pensionnaire en vacances
_h[electronic resource] /
_cNoémie Dondel Du Faouëdic
260 _bProject Gutenberg,
_c2006
506 _aPublic domain in the USA.
516 _aElectronic text
830 0 _aProject Gutenberg
_v19152
856 4 0 _uhttp://www.gutenberg.org/ebooks/19152
942 _cEB
999 _c248407
_d248407